Complete the Card - WWE WrestleMania XXX - Statistics

General Stats
  • This quiz has been taken 1,815 times
  • The average score is 23 of 37
Answer Stats
Answer % Correct
Daniel Bryan
97%
Randy Orton
97%
Batista
96%
Triple H
96%
Roman Reigns
89%
Seth Rollins
89%
Cesaro
88%
Cesaro
88%
Dean Ambrose
88%
The Undertaker
85%
Brock Lesnar
84%
John Cena
83%
Bray Wyatt
79%
Kane
79%
AJ Lee
76%
Billy Gunn
75%
Road Dogg
75%
Jey Uso
72%
Jimmy Uso
72%
Nikki Bella
72%
Brie Bella
71%
Natalya
54%
Jack Swagger
52%
Naomi
50%
Tamina Snuka
43%
Alicia Fox
38%
Eva Marie
34%
Cameron
33%
Ryback
32%
Layla
30%
Summer Rae
27%
Curtis Axel
26%
Diego
26%
Fernando
26%
Aksana
21%
Emma
21%
Rosa Mendes
17%
No matching quizzes found
Score Distribution
Percent of People with Each Score
Percentile by Number Answered
Your Score History
You have not taken this quiz